[Event "SRB Central-chT qual"]
[Site "Nis"]
[Date "2014.10.05"]
[Round "6"]
[White "Zivkovic, Rajko"]
[Black "Petkovic, Dragoslav"]
[Result "0-1"]
[WhiteElo "2187"]
[BlackElo "2205"]
[PlyCount "110"]
[EventDate "2014.10.02"]
[EventType "team-tourn"]
[EventRounds "7"]
[EventCountry "SRB"]
[SourceTitle "CBM 163 Extra"]
[Source "ChessBase"]
[SourceDate "2014.12.23"]
[SourceVersion "1"]
[SourceVersionDate "2014.12.23"]
[SourceQuality "1"]

1. Nf3 d6 2. c4 e5 3. Nc3 f5 4. d3 Nf6 5. g3 h6 6. Bg2 g5 7. e3 Bg7 8. h4 g4 9. Nh2 0-0 10. Bd2 c6 11. Qb3 Nbd7 12. d4 e4 13. 0-0 Kh8 14. Rfc1 Qe7 15. Ne2 Rd8 16. Qc2 Nf8 17. Nf4 Be6 18. b4 Bf7 19. a4 Nh5 20. Nxh5 Bxh5 21. Bc3 Bf7 22. c5 Bc4 23. Bf1 Bg8 24. Rab1 Nd7 25. cxd6 Qxd6 26. b5 cxb5 27. Rxb5 Bd5 28. Bb4 Qe6 29. Ba5 b6 30. Bd2 Bf8 31. Bc4 Nf6 32. Bxd5 Nxd5 33. Qc6 Qxc6 34. Rxc6 a6 35. Rb1 Rdc8 36. Rbc1 Rxc6 37. Rxc6 b5 38. axb5 axb5 39. Re6 b4 40. Re5 b3 41. Rxd5 b2 42. Rb5 Ra1+ 43. Nf1 b1Q 44. Rxb1 Rxb1 45. Ba5 Ra1 46. Bc3 Ra3 47. Bd2 Kg7 48. Kg2 Kf7 49. Bc1 Ra2 50. Bd2 Ke6 51. Bc3 Ra3 52. Bb2 Rb3 53. Bc1 Rb1 54. Bd2 Kd5 55. Ba5 Ra1 0-1

[Event "SRB-chT2 South"]
[Site "Nis"]
[Date "2013.10.17"]
[Round "1.1"]
[White "Livaja, Mario"]
[Black "Zivkovic, Rajko"]
[Result "1-0"]
[WhiteElo "2219"]
[BlackElo "2184"]
[PlyCount "107"]
[EventDate "2013.10.17"]
[EventType "team-swiss"]
[EventRounds "8"]
[EventCountry "SRB"]
[SourceTitle "EXT 2014"]
[Source "ChessBase"]
[SourceDate "2013.11.20"]
[SourceVersion "1"]
[SourceVersionDate "2013.11.20"]
[SourceQuality "1"]

1. d4 d5 2. c4 e6 3. Nc3 Nf6 4. Nf3 Be7 5. g3 0-0 6. Bg2 c6 7. 0-0 Nbd7 8. Qd3 b6 9. Rd1 Ba6 10. b3 Rc8 11. e4 dxe4 12. Nxe4 Nxe4 13. Qxe4 Nf6 14. Qc2 Qc7 15. Bf4 Bd6 16. Be5 c5 17. Bxf6 gxf6 18. d5 Bb7 19. Nh4 Be5 20. Rac1 Rcd8 21. Qe2 Kh8 22. Qh5 Rg8 23. dxe6 Rxd1+ 24. Rxd1 fxe6 25. Bxb7 Qxb7 26. Nf3 Bb8 27. Rd3 Qe7 28. Nh4 Be5 29. Nf3 Bc7 30. Re3 Qd7 31. Qh6 Bd8 32. Kg2 Rg6 33. Qh3 f5 34. Ne5 Qb7+ 35. Kg1 Rg8 36. Rd3 Qe4 37. Nf7+ Kg7 38. Rd7 Qe1+ 39. Qf1 Qxf1+ 40. Kxf1 Bf6 41. Ng5+ Kg6 42. Nxe6 Be5 43. Rxa7 Re8 44. Nc7 Re7 45. Nb5 Re6 46. Rd7 f4 47. Kg2 h5 48. Rd3 Kf5 49. Kf3 fxg3 50. hxg3 Re7 51. Nd6+ Ke6 52. Ne4 Rf7+ 53. Ke2 Rg7 54. f4 1-0

[Event "SRB-chT2 East"]
[Site "Serbia"]
[Date "2007.09.23"]
[Round "3.3"]
[White "Minic, Ivan"]
[Black "Zivkovic, Rajko"]
[Result "0-1"]
[WhiteElo "2122"]
[BlackElo "2246"]
[PlyCount "79"]
[EventDate "2007.09.09"]
[EventType "team"]
[EventRounds "11"]
[EventCountry "SRB"]
[SourceTitle "EXT 2012"]
[Source "ChessBase"]
[SourceDate "2011.11.24"]
[SourceVersion "1"]
[SourceVersionDate "2011.11.24"]
[SourceQuality "1"]
[WhiteTeam "Zeleni Svrljig"]
[BlackTeam "Nis Telekom"]
[WhiteTeamCountry "SRB"]
[BlackTeamCountry "SRB"]

1. d4 d5 2. Nf3 Bg4 3. c4 Bxf3 4. gxf3 dxc4 5. e3 c5 6. Bxc4 cxd4 7. Qb3 e6 8. Qxb7 Nd7 9. exd4 Rc8 10. Nd2 Ngf6 11. 0-0 Bd6 12. Bd3 0-0 13. Ne4 Rb8 14. Qc6 Rb6 15. Qc2 Qb8 16. Nxd6 Qxd6 17. Be3 Rc6 18. Qd2 Nd5 19. Rfc1 Rb6 20. b3 f5 21. f4 N7f6 22. Rc5 Nh5 23. Rac1 Nhxf4 24. Bxf4 Nxf4 25. Qe3 h6 26. Re5 Nxd3 27. Qxd3 Rf6 28. Rc8+ Kh7 29. Re3 Rb7 30. Qc4 Rb4 31. Rc6 Qb8 32. Qc3 Rb6 33. Rg3 Rxc6 34. Qxc6 Qb4 35. Qd7 Qe1+ 36. Kg2 Qe4+ 37. Kg1 Rg6 38. Rxg6 Kxg6 39. Qd6 f4 40. Qe5 0-1

[Event "Nis op"]
[Site "Nis"]
[Date "1997.??.??"]
[Round "1"]
[White "Zivkovic, Rajko"]
[Black "Miljanic, Boro"]
[Result "0-1"]
[WhiteElo "2255"]
[BlackElo "2435"]
[PlyCount "48"]
[EventDate "1997.??.??"]
[EventType "swiss"]
[EventRounds "11"]
[EventCountry "YUG"]
[SourceTitle "EXT 2002"]
[Source "ChessBase"]
[SourceDate "2001.11.25"]
[SourceVersion "1"]
[SourceVersionDate "2001.11.25"]
[SourceQuality "1"]

1. Nf3 Nf6 2. b3 g6 3. Bb2 Bg7 4. e4 d6 5. Be2 0-0 6. d3 e5 7. 0-0 Nh5 8. g3 Nc6 9. Nbd2 Bh3 10. Re1 f5 11. Nh4 Nf4 12. Bf3 Bf6 13. Ng2 Ne6 14. Ne3 f4 15. Nd5 Ng5 16. gxf4 Ne6 17. Bg4 Nxf4 18. Nxf4 Bxg4 19. Qxg4 exf4 20. c3 Ne5 21. Qh3 f3 22. Qf1 Bh4 23. Re3 Qg5+ 24. Kh1 Qg2+ 0-1

[Event "YUG-ch sf"]
[Site "Niska Banja"]
[Date "1996.??.??"]
[Round "4"]
[White "Djordjevic, Dejan N"]
[Black "Zivkovic, Rajko"]
[Result "1-0"]
[WhiteElo "2300"]
[BlackElo "2240"]
[PlyCount "71"]
[EventDate "1996.??.??"]
[EventType "swiss"]
[EventRounds "11"]
[EventCountry "YUG"]
[SourceTitle "EXT 2002"]
[Source "ChessBase"]
[SourceDate "2001.11.25"]
[SourceVersion "1"]
[SourceVersionDate "2001.11.25"]
[SourceQuality "1"]

1. e4 c5 2. Nc3 Nc6 3. g3 g6 4. Bg2 Bg7 5. Nge2 d6 6. d3 e5 7. 0-0 Nge7 8. f4 0-0 9. Be3 Nd4 10. Qd2 Bg4 11. h3 Bxe2 12. Nxe2 Nxe2+ 13. Qxe2 Nc6 14. f5 f6 15. h4 g5 16. hxg5 fxg5 17. c3 h6 18. Bf3 b5 19. Qc2 Rb8 20. Qb3+ Kh7 21. Rf2 Bf6 22. Rh2 Kg7 23. a3 a5 24. Bh5 a4 25. Qa2 Qc7 26. Kg2 Rh8 27. Rah1 Rbf8 28. b3 Na5 29. bxa4 bxa4 30. Kf3 Nb3 31. Bg6 Qa5 32. Rxh6 Rxh6 33. Rxh6 Qxc3 34. Rh7+ Kg8 35. Qh2 Nd4+ 36. Kg4 1-0

[Event "YUG-ch sf"]
[Site "Niska Banja"]
[Date "1996.??.??"]
[Round "6"]
[White "Kontic, Djordjije"]
[Black "Zivkovic, Rajko"]
[Result "1-0"]
[WhiteElo "2400"]
[BlackElo "2240"]
[PlyCount "107"]
[EventDate "1996.??.??"]
[EventType "swiss"]
[EventRounds "11"]
[EventCountry "YUG"]
[SourceTitle "EXT 2002"]
[Source "ChessBase"]
[SourceDate "2001.11.25"]
[SourceVersion "1"]
[SourceVersionDate "2001.11.25"]
[SourceQuality "1"]

1. e4 g6 2. d4 c6 3. Bd3 d6 4. f4 e5 5. Nf3 exd4 6. Nxd4 d5 7. e5 Bc5 8. c3 Ne7 9. Be3 Bxd4 10. Bxd4 Be6 11. Nd2 Nd7 12. c4 Nf5 13. Bxf5 gxf5 14. cxd5 Bxd5 15. e6 Nf6 16. exf7+ Kxf7 17. 0-0 Rg8 18. Nf3 Bxf3 19. Rxf3 Qd5 20. Bxf6 Qxd1+ 21. Rxd1 Kxf6 22. Rb3 Rg7 23. Rd6+ Ke7 24. Rxb7+ Kxd6 25. Rxg7 a5 26. Rxh7 Rb8 27. b3 a4 28. Rh3 Kd5 29. Rc3 c5 30. h4 axb3 31. axb3 Kd4 32. Rh3 Ke4 33. h5 Kxf4 34. h6 Kg5 35. h7 Rh8 36. Kf2 Kg6 37. Ke3 Kg7 38. Kd3 Rd8+ 39. Kc4 Kh8 40. Rf3 Rf8 41. Rf4 Kxh7 42. Kxc5 Kg6 43. g4 Rc8+ 44. Kd6 fxg4 45. Rxg4+ Kf5 46. Rc4 Rd8+ 47. Kc7 Rd3 48. b4 Ke6 49. b5 Rd7+ 50. Kc8 Rh7 51. b6 Kd6 52. Kb8 Rh1 53. b7 Kd7 54. Ra4 1-0

[Event "YUG-ch op"]
[Site "Nis"]
[Date "1996.??.??"]
[Round "2"]
[White "Zivkovic, Rajko"]
[Black "Marjanovic, Slavoljub"]
[Result "0-1"]
[WhiteElo "2240"]
[BlackElo "2445"]
[PlyCount "96"]
[EventDate "1996.??.??"]
[EventType "swiss"]
[EventRounds "10"]
[EventCountry "YUG"]
[SourceTitle "EXT 1999"]
[Source "ChessBase"]
[SourceDate "1998.11.16"]
[SourceVersion "1"]
[SourceVersionDate "1998.11.16"]
[SourceQuality "1"]

1. Nf3 c5 2. g3 Nc6 3. Bg2 d5 4. 0-0 Nf6 5. d3 h6 6. Nbd2 Bf5 7. c3 e6 8. Re1 Be7 9. Qa4 0-0 10. e4 Bh7 11. a3 a6 12. Qd1 dxe4 13. dxe4 Nxe4 14. Nd4 cxd4 15. Nxe4 Rc8 16. c4 e5 17. b4 Kh8 18. c5 f5 19. Nd2 d3 20. Bb2 e4 21. f3 exf3 22. Nxf3 f4 23. Re6 Bf6 24. Qd2 fxg3 25. hxg3 Bxb2 26. Qxb2 Rxf3 27. Bxf3 Nd4 28. Re3 Nc2 29. Re6 Nxa1 30. Qxa1 Qg5 31. Qe5 Bf5 32. Rd6 Rf8 33. Qf4 Qe7 34. Kg2 Bh3+ 35. Kxh3 Rxf4 36. gxf4 Qe3 37. Kg3 d2 38. Rd5 g5 39. fxg5 hxg5 40. Rd8+ Kg7 41. Rd6 Qxa3 42. Rxd2 Qxb4 43. Rd5 Kf6 44. Rd6+ Ke7 45. Rb6 Qxc5 46. Rxb7+ Kf6 47. Rh7 Qe5+ 48. Kg2 g4 0-1

[Event "YUG-ch sf"]
[Site "Niska Banja"]
[Date "1996.??.??"]
[Round "8"]
[White "Zivkovic, Rajko"]
[Black "Terzic, Goran"]
[Result "1-0"]
[WhiteElo "2240"]
[BlackElo "2295"]
[PlyCount "81"]
[EventDate "1996.??.??"]
[EventType "swiss"]
[EventRounds "11"]
[EventCountry "YUG"]
[SourceTitle "EXT 2002"]
[Source "ChessBase"]
[SourceDate "2001.11.25"]
[SourceVersion "1"]
[SourceVersionDate "2001.11.25"]
[SourceQuality "1"]

1. Nf3 g6 2. g3 Bg7 3. Bg2 c5 4. 0-0 Nc6 5. e4 e6 6. Nc3 Nge7 7. d3 0-0 8. Be3 Nd4 9. Qd2 Re8 10. Nd1 d5 11. Nxd4 cxd4 12. Bh6 Bh8 13. Bg5 dxe4 14. Bxe4 Qb6 15. h4 h5 16. Bxe7 Rxe7 17. a4 a5 18. b3 f5 19. Bg2 e5 20. Nb2 e4 21. Nc4 Qc7 22. Qh6 Ra6 23. Rae1 Bg7 24. Qc1 Rae6 25. Re2 b6 26. Rfe1 Bb7 27. Kh2 Kh7 28. f4 Qc6 29. Qd1 exd3 30. Qxd3 Qxg2+ 31. Rxg2 Rxe1 32. Ne5 Bxe5 33. fxe5 R7xe5 34. Qxd4 R5e2 35. Qd7+ Re7 36. Qd4 Bf3 37. Qxb6 Rd1 38. Qf6 Rb7 39. Qc3 Bd5 40. Rg1 Rxg1 41. Kxg1 1-0

[Event "Caorle op"]
[Site "Caorle"]
[Date "1989.??.??"]
[Round "6"]
[White "Gajic, Zoran"]
[Black "Zivkovic, Rajko"]
[Result "1-0"]
[WhiteElo "2290"]
[BlackElo "2000"]
[PlyCount "49"]
[EventDate "1989.07.??"]
[EventType "swiss"]
[EventRounds "8"]
[EventCountry "ITA"]
[SourceTitle "EXT 2000"]
[Source "ChessBase"]
[SourceDate "1999.11.16"]
[SourceVersion "1"]
[SourceVersionDate "1999.11.16"]
[SourceQuality "1"]

1. e4 c6 2. d4 d6 3. Nc3 Qc7 4. f4 e5 5. Nf3 Bg4 6. Be3 Nd7 7. Qd2 Bxf3 8. gxf3 g6 9. 0-0-0 Bh6 10. dxe5 dxe5 11. fxe5 Bxe3 12. Qxe3 Qxe5 13. Bh3 Ngf6 14. f4 Qc5 15. Rd4 Qe7 16. e5 Nb6 17. Qd2 Nfd7 18. Ne4 0-0-0 19. Rd1 Kc7 20. Qa5 f5 21. Ng5 Nc5 22. Rd6 h6 23. Qxc5 Nc8 24. Ne6+ Kb8 25. Rxd8 1-0